La fundación de Brasil: testimonios 1500-1700

Saved in:
Bibliografiske detaljer
Main Authors: Ribeiro, Darcy (Author), Neto, Carlos de Araujo Moreira (Author)
Format: Bog
Sprog:spansk
Udgivet: Caracas Biblioteca Ayacucho 1992
Fag:
Tags: Tilføj Tag
Ingen Tags, Vær først til at tagge denne postø!

MARC

LEADER 00000cam a2200000 a 4500
001 UCF0028
003 CL-VaPUC
008 120420e19920000VE |||||||||||||||||spa|d
020 |a 9802761990 
082 0 4 |a 981.032  |b RIB  |2 21 
100 0 |a Ribeiro, Darcy  |e author  |9 561816 
700 0 |a Neto, Carlos de Araujo Moreira  |e author  |9 561817 
245 1 3 |a La fundación de Brasil: testimonios 1500-1700 
300 |a 597 p 
942 |c BK 
945 |d 20120420 00:00:00  |a dcastane 
260 |a Caracas  |b Biblioteca Ayacucho  |c 1992 
650 7 |a HISTORIA DE BRASIL  |2 CL-VaPUC  |9 403010 
650 0 |a Colonización  |9 265172 
650 7 |a EXPLORACIONES  |2 CL-VaPUC  |9 371735 
583 |a last modification  |c 20120903 04:25:42  |k Rodrigo Vera 
999 |c 347534  |d 347532 
952 |0 0  |1 0  |4 0  |6 981_032000000000000_RIB_1992  |7 0  |8 A  |9 448942  |a BIBHIS  |b BIBHIS  |d 2019-11-22  |i 4860713  |l 5  |o 981.032 RIB 1992  |p 4860713  |r 2025-01-20  |s 2022-06-13  |w 2019-11-22  |y BK  |k HIS 
952 |0 0  |1 0  |3 erb  |4 0  |6 981_032000000000000_RIB_1992  |7 0  |8 A  |9 448943  |a BIBEDU  |b BIBEDU  |i 5092205  |o 981.032 RIB 1992  |p 5092205  |r 2019-11-22  |w 2019-11-22  |y BK  |z Catalogado en:20140724  |k LIT